[Event "Escuela Educaterra sim"]
[Site "Internet"]
[Date "2003.06.04"]
[Round "?"]
[White "Karjakin, Sergey"]
[Black "Leontxo, Olasagasti Garcia"]
[Result "0-1"]
[WhiteElo "2556"]
[BlackElo "2295"]
[PlyCount "110"]
[EventDate "2003.06.04"]
[EventType "simul"]
[EventRounds "1"]
[EventCountry "ESP"]
[SourceTitle "CBM 094 Extra"]
[Source "ChessBase"]
[SourceDate "2003.07.09"]
[SourceVersion "2"]
[SourceVersionDate "2003.07.09"]
[SourceQuality "1"]

1. e4 c5 2. Nf3 Nf6 3. Nc3 Nc6 4. Bb5 Nd4 5. e5 Nxb5 6. Nxb5 Nd5 7. Ng5 h6 8.
Nxf7 Kxf7 9. Qf3+ Nf6 10. exf6 exf6 11. Qd5+ Kg6 12. O-O d6 13. d4 Qb6 14. a4
a6 15. dxc5 dxc5 16. Nc3 Bf5 17. Ne2 Bd6 18. Bf4 Rad8 19. Rad1 Be5 20. Qf3 Rxd1
21. Rxd1 Rd8 22. Ng3 Bxc2 23. Re1 Qb4 24. Rc1 Qxf4 25. Rxc2 Qxf3 26. gxf3 Rd1+
27. Kg2 Rb1 28. Ne4 Rxb2 29. Rxb2 Bxb2 30. Nxc5 b5 31. axb5 axb5 32. f4 Kf5 33.
Kf3 b4 34. Nb3 h5 35. h3 g6 36. Ke3 Bc3 37. Kf3 Ke6 38. Ke4 f5+ 39. Kd3 Kd5 40.
Nc1 Bd4 41. f3 Bg7 42. Nb3 Bh6 43. Nd4 Bxf4 44. Nb3 g5 45. Nd4 g4 46. hxg4 fxg4
47. fxg4 hxg4 48. Nc2 b3 49. Na3 g3 50. Ke2 Ke4 51. Nb1 Be3 52. Nc3+ Kd4 53.
Nb5+ Kc5 54. Nc3 g2 55. Ne4+ Kd4 0-1

[Event "Escuela Educaterra sim"]
[Site "Internet"]
[Date "2003.06.04"]
[Round "?"]
[White "Karjakin, Sergey"]
[Black "Lopez de Turiso, Jose Angel"]
[Result "1/2-1/2"]
[WhiteElo "2556"]
[BlackElo "2115"]
[PlyCount "103"]
[EventDate "2003.06.04"]
[EventType "simul"]
[EventRounds "1"]
[EventCountry "ESP"]
[SourceTitle "CBM 094 Extra"]
[Source "ChessBase"]
[SourceDate "2003.07.09"]
[SourceVersion "2"]
[SourceVersionDate "2003.07.09"]
[SourceQuality "1"]

1. e4 e5 2. Nf3 Nc6 3. Bb5 a6 4. Ba4 f5 5. d3 fxe4 6. dxe4 Nf6 7. Nbd2 Bc5 8.
Bb3 d6 9. O-O Bg4 10. h3 Bh5 11. Qe1 Na5 12. Nh2 Nxb3 13. axb3 Qd7 14. Kh1
O-O-O 15. Nc4 h6 16. b4 Ba7 17. Be3 Bxe3 18. Qxe3 g5 19. f3 Bf7 20. Qc3 Qc6 21.
Ne3 Qxc3 22. bxc3 Nh5 23. Kg1 Be6 24. Nhg4 Nf4 25. Rfe1 Rdf8 26. c4 h5 27. Nf2
Kd7 28. Nd3 Ke7 29. b5 Ra8 30. Nb4 a5 31. Nbd5+ Nxd5 32. cxd5 Bd7 33. c4 b6 34.
Kf2 Raf8 35. Kg3 Rf4 36. Rh1 Rg8 37. Kf2 g4 38. hxg4 hxg4 39. Rh7+ Kd8 40. Rah1
gxf3 41. gxf3 Rgf8 42. Ke2 Rxf3 43. Rh8 R3f4 44. Nf5 Re8 45. Rxe8+ Bxe8 46. Ke3
Bg6 47. Rh8+ Kd7 48. Ng3 Rg4 49. Kf3 Rf4+ 50. Ke3 Rg4 51. Kf3 Rf4+ 52. Ke3
1/2-1/2

[Event "Biel MTO op"]
[Site "Biel"]
[Date "2003.07.21"]
[Round "1"]
[White "Lada, Ireneusz"]
[Black "Karjakin, Sergey"]
[Result "0-1"]
[WhiteElo "2199"]
[BlackElo "2560"]
[PlyCount "73"]
[EventDate "2003.07.19"]
[EventType "swiss"]
[EventRounds "11"]
[EventCountry "SUI"]
[SourceTitle "CBM 095 Extra"]
[Source "ChessBase"]
[SourceDate "2003.09.04"]
[SourceVersion "1"]
[SourceVersionDate "2003.09.04"]
[SourceQuality "1"]

1. c4 c5 2. Nf3 Nc6 3. d4 cxd4 4. Nxd4 Nf6 5. Nc3 e6 6. g3 Qb6 7. Nf3 d5 8. e3
Be7 9. cxd5 exd5 10. Bg2 O-O 11. O-O Rd8 12. b3 Bg4 13. h3 Bf5 14. Bb2 Qa6 15.
Nd4 Bg6 16. Re1 Rac8 17. Bf1 Qa5 18. a3 h6 19. Rc1 Nxd4 20. Qxd4 Bxa3 21. Bxa3
Qxa3 22. Nxd5 Rxc1 23. Nxf6+ gxf6 24. Qxd8+ Kg7 25. Rxc1 Qxc1 26. Qd5 Qb1 27.
Qc4 a6 28. b4 Be4 29. Kh2 b5 30. Qe2 Bg6 31. Bg2 Qxb4 32. h4 Qc4 33. Qf3 h5 34.
e4 b4 35. g4 Qc7+ 36. Kg1 hxg4 37. Qxg4 0-1

[Event "Biel MTO op"]
[Site "Biel"]
[Date "2003.07.24"]
[Round "4"]
[White "Karjakin, Sergey"]
[Black "Arizmendi Martinez, Julen Luis"]
[Result "1/2-1/2"]
[WhiteElo "2560"]
[BlackElo "2521"]
[PlyCount "79"]
[EventDate "2003.07.19"]
[EventType "swiss"]
[EventRounds "11"]
[EventCountry "SUI"]
[SourceTitle "CBM 095 Extra"]
[Source "ChessBase"]
[SourceDate "2003.09.04"]
[SourceVersion "1"]
[SourceVersionDate "2003.09.04"]
[SourceQuality "1"]

1. e4 e6 2. d4 d5 3. Nc3 Bb4 4. e5 c5 5. a3 Bxc3+ 6. bxc3 Ne7 7. Qg4 Nf5 8. Nf3
Qa5 9. Bd2 c4 10. Qh5 Bd7 11. g4 Ne7 12. Ng5 Ng6 13. f4 Qa4 14. Rc1 Nc6 15. f5
exf5 16. Nxf7 O-O 17. Ng5 h6 18. Qxg6 hxg5 19. Bg2 Ne7 20. Qxg5 Rae8 21. O-O
Be6 22. Bh3 Qd7 23. gxf5 Nxf5 24. Bg4 Nh6 25. Bh5 Bf7 26. Be2 Re6 27. Kh1 Rg6
28. Qf4 Qh3 29. Qf3 Qh4 30. Be1 Qe7 31. Bg3 b6 32. a4 a5 33. Qe3 Ng4 34. Qf4
Nf6 35. Bh4 Qe6 36. Qf5 Ne4 37. Qxe6 Bxe6 38. Rg1 Rh6 39. Be1 Rf4 40. Rf1
1/2-1/2

[Event "Biel MTO op"]
[Site "Biel"]
[Date "2003.07.25"]
[Round "5"]
[White "Benkovic, Petar"]
[Black "Karjakin, Sergey"]
[Result "1/2-1/2"]
[WhiteElo "2474"]
[BlackElo "2560"]
[PlyCount "47"]
[EventDate "2003.07.19"]
[EventType "swiss"]
[EventRounds "11"]
[EventCountry "SUI"]
[SourceTitle "CBM 095 Extra"]
[Source "ChessBase"]
[SourceDate "2003.09.04"]
[SourceVersion "1"]
[SourceVersionDate "2003.09.04"]
[SourceQuality "1"]

1. Nf3 c5 2. c4 Nc6 3. d4 cxd4 4. Nxd4 Nf6 5. Nc3 e6 6. a3 Be7 7. e4 O-O 8. Nb3
Na5 9. Be2 d6 10. O-O Nxb3 11. Qxb3 Nd7 12. Rd1 a6 13. Bf4 Qc7 14. Rd2 b6 15.
Qd1 Ne5 16. Rc1 Rd8 17. Be3 Bb7 18. Na4 Nd7 19. f3 Rdc8 20. Rcc2 h6 21. b4 Bc6
22. Nc3 Bb7 23. Na4 Bc6 24. Nc3 1/2-1/2

[Event "Vienna op 14th"]
[Site "Vienna"]
[Date "2003.08.16"]
[Round "1"]
[White "Herndlbauer, Martin"]
[Black "Karjakin, Sergey"]
[Result "0-1"]
[WhiteElo "2152"]
[BlackElo "2560"]
[PlyCount "66"]
[EventDate "2003.08.16"]
[EventType "swiss"]
[EventRounds "9"]
[EventCountry "AUT"]
[SourceTitle "CBM 095 Extra"]
[Source "ChessBase"]
[SourceDate "2003.09.04"]
[SourceVersion "1"]
[SourceVersionDate "2003.09.04"]
[SourceQuality "1"]

1. e4 c5 2. Nc3 d6 3. Nf3 a6 4. d4 cxd4 5. Nxd4 Nf6 6. Be2 e5 7. Nb3 Be7 8. Be3
Be6 9. O-O O-O 10. Qd2 Nbd7 11. a4 Qc7 12. a5 Rac8 13. Rfd1 Rfd8 14. Bf3 h6 15.
Nc1 b5 16. axb6 Nxb6 17. b3 Qxc3 18. Qxc3 Rxc3 19. Bxb6 Rb8 20. Rxa6 Rxc2 21.
Ba7 Rb7 22. Bb6 g5 23. Be2 Bxb3 24. Bd3 Rb2 25. Re1 Be6 26. Ba5 Nd7 27. f3 Nc5
28. Ra8+ Kg7 29. Bf1 Rc2 30. Bd8 Bf8 31. Ne2 d5 32. exd5 Nd3 33. Rd1 Bc5+ 0-1

[Event "Vienna op 14th"]
[Site "Vienna"]
[Date "2003.08.19"]
[Round "4"]
[White "Miniboeck, Guenter"]
[Black "Karjakin, Sergey"]
[Result "0-1"]
[WhiteElo "2334"]
[BlackElo "2560"]
[PlyCount "88"]
[EventDate "2003.08.16"]
[EventType "swiss"]
[EventRounds "9"]
[EventCountry "AUT"]
[SourceTitle "CBM 095 Extra"]
[Source "ChessBase"]
[SourceDate "2003.09.04"]
[SourceVersion "1"]
[SourceVersionDate "2003.09.04"]
[SourceQuality "1"]

1. d4 d5 2. c4 dxc4 3. Nf3 Nf6 4. e3 e6 5. Bxc4 a6 6. O-O c5 7. dxc5 Bxc5 8.
Qxd8+ Kxd8 9. Ne5 Ke7 10. Be2 Nbd7 11. Nd3 Bd6 12. Nd2 Nc5 13. Nc4 Nxd3 14.
Nxd6 Nxc1 15. Nxc8+ Raxc8 16. Rfxc1 Ne4 17. Bf3 Nd6 18. Kf1 f5 19. h4 a5 20. a3
Rhd8 21. b4 a4 22. Ke1 Ne4 23. Bxe4 fxe4 24. Ke2 b5 25. f3 Kf6 26. fxe4 Ke5 27.
Rxc8 Rxc8 28. Kd3 Rd8+ 29. Ke2 Kxe4 30. Rf1 e5 31. Rf7 Rd3 32. Rxg7 Rxe3+ 33.
Kf2 h5 34. Rb7 Rxa3 35. Rxb5 Ra2+ 36. Kg3 Rb2 37. Rb8 Kd4 38. b5 Kc5 39. Re8
Rxb5 40. Rxe5+ Kb4 41. Re1 a3 42. Kh3 Rc5 43. g4 Rc3+ 44. Kg2 hxg4 0-1

[Event "UKR-ch"]
[Site "Simferopol"]
[Date "2003.11.06"]
[Round "3"]
[White "Kurbedinov, Ramis"]
[Black "Karjakin, Sergey"]
[Result "0-1"]
[WhiteElo "2409"]
[BlackElo "2562"]
[PlyCount "84"]
[EventDate "2003.11.04"]
[EventType "swiss"]
[EventRounds "9"]
[EventCountry "UKR"]
[SourceTitle "CBM 097 Extra"]
[Source "ChessBase"]
[SourceDate "2004.01.13"]
[SourceVersion "1"]
[SourceVersionDate "2004.01.13"]
[SourceQuality "1"]

1. c4 c5 2. Nf3 Nc6 3. Nc3 e5 4. e3 Nf6 5. d4 cxd4 6. exd4 e4 7. Nd2 Bb4 8. a3
Bxc3 9. bxc3 O-O 10. Be2 Qa5 11. Qc2 Re8 12. O-O d6 13. f3 exf3 14. Nxf3 Bf5
15. Bd3 Bxd3 16. Qxd3 Ne4 17. d5 Nc5 18. Qf5 Ne7 19. Qh5 f6 20. Bf4 Ne4 21.
Rae1 Ng6 22. Qf5 Qc5+ 23. Be3 Qxc4 24. Bd4 Nxc3 25. Bxc3 Qxc3 26. Re6 Nf8 27.
Ng5 h6 28. Qe4 Rxe6 29. Nxe6 Qe5 30. Qb4 Nxe6 31. Qxb7 Re8 32. dxe6 Qe3+ 33.
Kh1 Rxe6 34. h3 Kh7 35. a4 a5 36. Qd7 Qe4 37. Rc1 f5 38. Qb5 Re5 39. Qd7 Rd5
40. Rf1 f4 41. Qa7 Rd2 42. Rg1 f3 0-1

[Event "UKR-ch"]
[Site "Simferopol"]
[Date "2003.11.08"]
[Round "5"]
[White "Kuzmin, Gennadi P"]
[Black "Karjakin, Sergey"]
[Result "1/2-1/2"]
[WhiteElo "2520"]
[BlackElo "2562"]
[PlyCount "81"]
[EventDate "2003.11.04"]
[EventType "swiss"]
[EventRounds "9"]
[EventCountry "UKR"]
[SourceTitle "CBM 097 Extra"]
[Source "ChessBase"]
[SourceDate "2004.01.13"]
[SourceVersion "1"]
[SourceVersionDate "2004.01.13"]
[SourceQuality "1"]

1. e4 e5 2. Nf3 Nc6 3. d4 exd4 4. Nxd4 Nf6 5. Nc3 Bb4 6. Nxc6 bxc6 7. Bd3 d5 8.
exd5 O-O 9. O-O cxd5 10. a3 Be7 11. Bg5 c6 12. Re1 h6 13. Bf4 Bd6 14. Qd2 Bxf4
15. Qxf4 Be6 16. Na4 Qb8 17. Qxb8 Rfxb8 18. f4 a5 19. Kf2 Kf8 20. Ke3 Ke7 21.
Kd4 Kd6 22. Rad1 Nd7 23. f5 c5+ 24. Ke3 d4+ 25. Kf4 Bd5 26. b3 g5+ 27. fxg6
fxg6 28. Kg3 Nf6 29. Kf2 g5 30. Kg1 Nd7 31. Rf1 Rf8 32. Rde1 Bc6 33. Bf5 Bxa4
34. Re6+ Kc7 35. bxa4 Rf6 36. Re7 Rd8 37. g4 Kd6 38. Rfe1 c4 39. R7e4 Kc5 40.
Re7 Kd6 41. R7e4 1/2-1/2

[Event "Benidorm Bali"]
[Site "Benidorm"]
[Date "2003.11.27"]
[Round "1"]
[White "Romero Holmes, Alfonso"]
[Black "Karjakin, Sergey"]
[Result "1-0"]
[WhiteElo "2544"]
[BlackElo "2562"]
[Annotator "Ribli,Z"]
[PlyCount "69"]
[EventDate "2003.11.27"]
[EventType "tourn (rapid)"]
[EventRounds "11"]
[EventCountry "ESP"]
[EventCategory "16"]
[SourceTitle "CBM 099"]
[Source "ChessBase"]
[SourceDate "2004.03.30"]
[SourceVersion "1"]
[SourceVersionDate "2004.03.30"]
[SourceQuality "1"]

1. c4 {Ftacnik} c5 2. Nf3 Nc6 3. d4 {Mit diesem Zug kann Weiß die Variante 3.
Nc3 e5 vermeiden.} cxd4 4. Nxd4 Nf6 5. Nc3 e6 6. g3 {Nach meiner persönlichen
Meinung bietet dieser Zug Weiß Chancen auf Eröffnungsvorteil und führt zu
kompliziertem Spiel.} Qb6 7. Ndb5 {Heutzutage ist dieser Zug populärer als die
Alternative 7.Nb3, was die alte Hauptvariante des Systems 6.g3 darstellt.} Ne5
8. Bf4 d6 $6 {Ftacnik: 'This modest move probably doesn't meet the needs of
the critical situation. Black players have tried more active ideas like 8...
Bc5 and 8...Nfg4 with varied success.' Ich empfehle diesen Zug gar nicht. Der
Textzug, wie auch 8...Bc5, hat zurecht keinen guten Ruf - Schwarz muss 8...
Nfg4 spielen.} (8... Nfg4 9. e3 a6 10. h3 axb5 11. hxg4 Nxc4 12. Qb3 d5 13.
Bxc4 dxc4 14. Qxb5+ Qxb5 15. Nxb5 Bb4+ 16. Ke2 Ra5 17. a4 Bd7 18. Bd6 Bxd6 19.
Nxd6+ Ke7 20. Nxc4 Rxa4 21. Rxa4 Bxa4 22. e4 Rc8 23. Kd3 Bb5 {1/2-1/2 Hansen,
L-Hansen,C/Aalborg 2000/CBM 77 (23)}) (8... Bc5 $6 9. Bg2 $1 (9. e3 d6 10. Bxe5
(10. Bg2 Nxc4 11. O-O Bd7 12. a4 O-O 13. b3 Bxb5 14. axb5 Ne5 15. Qe2 Ng6 {
0-1 Sellos,D-De Sousa,J/FRA 1998/CBM 64 ext (38)}) 10... dxe5 11. Bg2 a6 12.
Na4 Bb4+ 13. Nbc3 Bxc3+ 14. bxc3 Qc7 15. O-O Bd7 16. Rb1 e4 {0-1 Guseinov,
E-Ponomariov,R/Artek 1999/EXT 2000 (52)}) 9... a6 (9... Nfg4 10. e3 a6 11. Na4
Qa5+ 12. Nbc3 Be7 13. h3 Nf6 14. c5 Ng6 15. Bd6 O-O 16. Nb6 Ra7 17. a3 Bxd6 18.
Qxd6 {1-0 Schlichtmann,G-Foisor,O/Crans Montana 1999/EXT 2000 (18)}) (9...
Bxf2+ 10. Kf1 Nfg4 11. Qd6 $1 Nxc4 12. Nc7+ Kd8 13. Qxb6 Bxb6 14. Nxa8 $18) 10.
Na4 Qa5+ 11. Bd2 Bb4 12. Nc7+ Qxc7 13. Bxb4 Nxc4 14. Rc1 a5 15. Ba3 Ra6 16. b3
{1-0 Bruzon Bautista,L-Volokitin,A/Lausanne 2001/CBM 82 ext (78)}) 9. Bg2 {
Weiß hat spürbaren Entwicklungsvorsprung und die b6Q steht exponiert.} Be7 $2 {
Dieser natürliche Entwicklungszug ist ganz schlecht, was bedeutet, dass
Schwarz schon Probleme hat.} (9... a6 10. Qa4 Bd7 (10... Nfd7 11. c5 $1 Qxc5 (
11... dxc5 12. Bxe5 Nxe5 13. Nc7+ $18) (11... Nxc5 12. Nxd6+ Ke7 13. Nd5+ $3
Kxd6 (13... exd5 14. Qe8+ $18) 14. Bxe5+ Kxe5 15. Qf4#) 12. Be3 $18) 11. Be3 $1
Qd8 12. Bxb7 axb5 13. Qxa8 Qxa8 14. Bxa8 Nxc4 15. Bf3 $16) (9... Nxc4 $2 10.
Qa4 Nxb2 11. Qb3 Ng4 12. O-O $18) (9... Bd7 $5 10. Be3 Qd8 11. Nxd6+ Bxd6 12.
Qxd6 Nxc4 13. Qd4 Nxe3 14. Qxe3 $14) {[#]} 10. c5 $1 $16 {[%mdl 4] Ftacnik:
'The bolt from the blue! In cases when move like this is tactically sound the
defender has a very difficult task.' Dieser schöne, aber einfache Zug führt zu
weißem Materialvorteil.} Qxc5 11. Be3 {[%csl Rc5]} Qc4 (11... Qb4 12. Nc7+ $18)
12. b3 (12. Nxd6+ {'!?' Ftacnik.} Bxd6 13. Qxd6 Ned7 14. Rc1 $18 {[%csl Rc4,
Re8] Weiß hat ein großes Übergewicht - der schwarze König steht schlecht in
der Mitte und die c4Q steht ebenfalls unglücklich.}) 12... Qb4 13. Nc7+ Kd8 (
13... Kd7 14. Nxa8 Qxc3+ 15. Bd2 $16) 14. Nxa8 Qxc3+ 15. Bd2 {Schwarz hat nur
einen Bauern für die Qualität und die weiße Figurenkoordination ist viel
besser.} Qb2 (15... Qc5 16. Rc1 $18) 16. O-O Nc6 17. Rb1 Qa3 (17... Qxa2 18.
Ra1 Qb2 19. Bxc6 (19. Be3 d5 20. Bxa7 Nxa7 21. Rxa7 Bc5 22. Ra1 $16) 19... bxc6
20. Rxa7 $18) 18. b4 {[%cal Gb4b5] Droht 19.b5, wonach Weiß das Spiel am
Damenflügel öffnen kann.} d5 19. b5 (19. Qc2 {Ftacnik} Bd6 20. Bc1 Nd4 21.
Qxc8+ Kxc8 22. Bxa3 Kd7 23. Bb2 $18) 19... Ne5 (19... Nb4 20. Rb3 Qa4 21. a3
$18) 20. e4 $1 {'?!' Ftacnik. Ftacnik: 'Romero Holmes is letting himself to be
carried away by the attacking potential of the position. The blow in the
center is coming in the improper moment.' Weiß opfert einen Bauern und öffnet
die Stellung.} (20. Qc2 $16) 20... Nxe4 {'!' Ftacnik.} 21. Bf4 (21. Bxe4 $1
dxe4 22. Bb4+ Qd3 23. Qc1 {[%cal Rf1d1,Rd1d8,Rc1c7,Rc7d8] Weiß hat zwei
tödliche Drohungen - 24.Qc7+ und 24.Rd1.} Bxb4 (23... Qd7 24. Bxe7+ Qxe7 25.
Rb4 $18) 24. Qc7+ Ke8 25. Qxc8+ Qd8 26. Qxd8+ Kxd8 27. Rxb4 $18) 21... Nc3 {
'?' Ftacnik. Ftacnik: 'Defending position like this is a very ungrateful task,
black hopes at least to stirr some trouble.'} (21... Nd7 $1 {Ftacnik} 22. Bxe4
dxe4 23. Qc2 Bc5 24. Rb3 $16) 22. Qc2 {Jetzt hängt der e5N und es droht
gleichzeitig 23.Rb3.} Bf6 (22... Nxb1 23. Qc7+ $18) 23. Rb3 Qc5 24. Qxc3 $18 {
[%mdl 1024] Weiß hat großen Materialvorteil und Gewinnstellung.} (24. Rxc3 Nf3+
25. Bxf3 Qxc3 26. Qe2 $18) 24... Nc4 25. Bg5 $1 (25. Qc1 $18) 25... Ke7 (25...
Bxg5 26. Qxg7 $18) 26. Bxf6+ gxf6 27. b6 a6 28. Nc7 {Endlich kommt der a8N ins
Spiel, was die Partie sofort entscheidet.} Bd7 29. Re1 {[%cal Rc7d5,Rd5e7,
Re1e7]} Bc6 30. Rb4 Rc8 (30... a5) 31. Bh3 a5 32. Nxe6 $1 Qxb4 (32... fxe6 33.
Rxe6+ $18 {Der schwarze König befindet sich im Mattnetz.}) 33. Nf4+ {[%cal
Re1e7,Rh3c8]} Kf8 34. Qxb4+ axb4 35. Bxc8 1-0

[Event "Benidorm Bali"]
[Site "Benidorm"]
[Date "2003.11.29"]
[Round "9"]
[White "Mamedyarov, Shakhriyar"]
[Black "Karjakin, Sergey"]
[Result "0-1"]
[WhiteElo "2595"]
[BlackElo "2562"]
[Annotator "Lutz,C"]
[PlyCount "107"]
[EventDate "2003.11.27"]
[EventType "tourn (rapid)"]
[EventRounds "11"]
[EventCountry "ESP"]
[EventCategory "16"]
[SourceTitle "CBM 099"]
[Source "ChessBase"]
[SourceDate "2004.03.30"]
[SourceVersion "1"]
[SourceVersionDate "2004.03.30"]
[SourceQuality "1"]

1. d4 d5 2. c4 c6 3. Nf3 Nf6 4. Nc3 e6 5. e3 Nbd7 6. Qc2 Bd6 7. g4 Bb4 8. Bd2
Qe7 9. Bd3 Bxc3 $5 {Schwarz wählt eine interessante Strategie auf den weißen
Feldern.} 10. Bxc3 dxc4 11. Bxc4 b5 12. Bd3 $146 (12. Be2 Bb7 13. b4 (13. g5
Nd5 14. Bd2 O-O 15. e4 Nb4 $1 16. Qc3 c5 17. dxc5 a5 18. a3 Nxc5 $1 19. axb4
Nxe4 20. Qe3 Nxd2 21. Qxd2 Rfd8 22. Qe3 Qxb4+ 23. Qc3 Qxc3+ 24. bxc3 Rac8 $17 {
1-0 Bareev,E-Fressinet,L/Enghien les Bains 2003/CBM 96/[Lutz] (65)}) 13... Nd5
14. Rb1 O-O 15. g5 f6 16. gxf6 Rxf6 17. Rg1 Nxc3 18. Qxc3 Raf8 19. Rg3 c5 20.
bxc5 Bxf3 21. Bxf3 Rxf3 22. Rxf3 Rxf3 $17 {0-1 Dobrov,V-Karjakin,S/bereg.ru
Int 2003/CBM 97 ext (55)}) 12... Bb7 13. e4 Nxe4 $1 {Es ist erstaunlich, dass
eine solcher Zug taktisch möglich ist. Die Begründung ist der weiße g-Bauer,
der die Stellung des Nf3 schwächt.} (13... a6 {1-0 Radjabov,T-Karjakin,S/
Benidorm 2003/CBM 99_01 (81) hatte Karjakin im gleichen Turnier am Vortag
gespielt und verloren.}) 14. Bxe4 f5 {[%csl Re1,Rf3][%cal Ye7e1,Yb7f3]} 15. Bd3
c5 16. Be2 (16. Qe2 c4 17. Bc2 fxg4) 16... cxd4 17. Bxd4 (17. Nxd4 $5 Bxh1 18.
gxf5 $44) 17... Rc8 18. Qd2 fxg4 19. Rg1 e5 20. Bc3 Bxf3 21. Bxb5 $13 {[%csl
Re1,Re8] Die Stellung ist nun völlig unklar, da beide König schlecht stehen.}
Qe6 22. Bb4 a6 23. Ba4 Rc4 24. Rc1 Re4+ 25. Kf1 Be2+ 26. Kg2 Bf3+ 27. Kg3 Rd4
28. Qg5 Rxb4 $2 (28... Kf7 29. Bb3 Bd5) 29. Rc8+ $2 (29. Qxg7 $18 {hätte wegen
der Drohung Rc8+ glatt gewonnen, aber das ist halt Schnellschach...}) 29... Kf7
30. Bxd7 Qxd7 31. Rxh8 Be4 32. Re1 Qd3+ 33. Qe3 Rxb2 34. Qxd3 Bxd3 35. Rxe5
Rxa2 36. Rd5 Bg6 37. Rd6 Bf5 38. Ra8 Ra3+ 39. Kf4 Rf3+ 40. Ke5 h6 41. Ra7+ Kg8
42. Ra8+ Kf7 43. Rdxa6 Rxf2 44. R6a7+ Kg6 45. Rg8 Re2+ 46. Kf4 Rf2+ 47. Ke5
Re2+ 48. Kf4 Rf2+ 49. Kg3 Rf3+ 50. Kg2 Be4 51. Raxg7+ Kh5 52. Kg1 Bf5 53. Rf8
Kh4 54. Rgf7 0-1

[Event "Benidorm Bali"]
[Site "Benidorm"]
[Date "2003.11.29"]
[Round "11"]
[White "Karjakin, Sergey"]
[Black "Hillarp Persson, Tiger"]
[Result "1-0"]
[WhiteElo "2562"]
[BlackElo "2512"]
[Annotator "Erenburg,S"]
[PlyCount "49"]
[EventDate "2003.11.27"]
[EventType "tourn (rapid)"]
[EventRounds "11"]
[EventCountry "ESP"]
[EventCategory "16"]
[SourceTitle "CBM 099"]
[Source "ChessBase"]
[SourceDate "2004.03.30"]
[SourceVersion "1"]
[SourceVersionDate "2004.03.30"]
[SourceQuality "1"]

1. e4 g6 2. d4 Bg7 3. Nc3 d6 4. f4 a6 5. Nf3 b5 6. Bd3 Nd7 7. e5 {Probably the
most principle way to fight for an advantage. White limits the possibilities
of the dark-squared bishop, and, at the same time, increases space advantage.}
c5 {In my opinion, right decision to attack immediately white's pawn
construction in the centre.} (7... e6 {See 1-0 Kosteniuk,A-Meshkov,Y/Moscow
2002/CBM 88/[Gofshtein,L] (30)}) 8. Be4 {Other possibilities are:} (8. Be3 {
1-0 Grischuk,A-Bacrot,E/Dubai 2002/CBM 89/[Finkel,A] (26)}) (8. exd6 exd6 9.
Ne4 (9. O-O $5 Ne7 $132) 9... Qb6 10. dxc5 dxc5 11. a4 $2 (11. Be2 $5 Ngf6 12.
Nd6+ Ke7 13. Nxc8+ Raxc8 14. O-O Rhe8 $13) 11... Nh6 $1 12. axb5 O-O $17 {
Schlosser,M-Chernin,A/Erevan olm 1996}) (8. e6 $5 fxe6 9. Ng5 Ndf6 $6 10. dxc5
dxc5 11. Nxh7 $1 $16 {[%csl Rd8]}) 8... Rb8 9. O-O $1 $146 {[%mdl 8] In my
opinion, this novelty is improvement in comparison to} (9. Be3 {, which was
played in the previous game. See 0-1 Forster,R-Bacrot,E/Bermuda 1999/CBM 69/
[Kaspi,A] (40)}) 9... cxd4 $6 {This continuation allows white to get an
advantage too easy. More principle was} (9... b4 {, but after} 10. Nd5 (10. Ne2
Qc7 11. c3 $14) 10... e6 11. Ne3 d5 12. Bd3 cxd4 (12... Ne7 13. dxc5 Nxc5 14.
Be2 $14) 13. Nxd4 Qb6 14. c3 $14 {white's position is slightly better, thanks
to a space advantage and more active pieces.}) 10. Nxd4 dxe5 {Black had the
following alternative to the move in the game:} (10... Bb7 11. exd6 (11. e6
fxe6 12. Be3 (12. Nxe6 Qb6+ 13. Kh1 Bxc3 14. Bxb7 Qxb7 15. bxc3 Ngf6 $13) 12...
Qc8 13. Bxb7 Rxb7 14. Qf3 $13) 11... Qb6 12. Be3 Qxd6 13. Bxb7 Rxb7 14. Re1 $14
) 11. Nc6 Qb6+ 12. Kh1 Ngf6 {Black had to sacrifice an exchange, otherwise,
his position becomes hopeless:} (12... Rb7 13. fxe5 Nxe5 (13... Nc5 14. Nd5 $18
) 14. Be3 Qc7 15. Bf4 $18) (12... b4 13. Na4 $16) 13. Nxb8 Qxb8 14. fxe5 ({
Deserved attention:} 14. Bd3 Bb7 15. Qe2 $16) 14... Nxe5 (14... Nxe4 {doesn't
change an evaluation of position.} 15. Nxe4 Bxe5 (15... Nxe5 16. Bf4 O-O 17.
Qe1 $16) 16. Ng5 Nf6 17. Nf3 $16) 15. Bf4 O-O (15... Nxe4 16. Nxe4 O-O 17. Qe1
$16) 16. Bf3 e6 (16... b4 17. Nd5 (17. Qe2 Nh5 18. Bxe5 Qxe5 19. Qxe5 Bxe5 20.
Nd5 $16) 17... Nxd5 18. Bxd5 Qb5 19. Bxe5 Bxe5 20. Bxf7+ Kg7 21. Bb3 $16) 17.
Qe2 Nfd7 18. Rad1 (18. a4 b4 19. Ne4 $16) 18... Qb6 19. Ne4 Nxf3 ({Comes to
consideration} 19... Bb7 {. But the position favours white anyway.}) 20. Qxf3
e5 ({Worse is} 20... Ne5 21. Bxe5 Bxe5 22. Nf6+ Kg7 23. Nd7 $18) 21. Bg5 f5 $2
({More resistant was} 21... Qe6 22. Nd6 f5 23. Qc6 $16) 22. Nd6 $1 $18 {
[%cal Gf3b3,Gg5e7] White is going to increase his material advantage, while
black doesn't get any compensation for it.} Nc5 (22... Nf6 23. Qb3+ $18) 23.
Be3 $1 {not leaving black any chance.} (23. Be7 $18 {strong enough as well.})
23... Qc7 (23... e4 24. Qf2 $18) (23... Bb7 24. Nxb7 $18) 24. Bxc5 Qxc5 25.
Qb3+ 1-0